[Event "Niederbayernliga 1213"]
[Site "Bayern"]
[Date "2013.??.??"]
[Round "7"]
[White "Haydn, Ludwig"]
[Black "Weidlich, Dietmar"]
[Result "1-0"]
[WhiteElo "1382"]
[BlackElo "1658"]
[PlyCount "53"]
[EventDate "2012.10.14"]
[EventType "team-tourn"]
[EventRounds "9"]
[EventCountry "GER"]
[SourceTitle "EXT 2023"]
[Source "ChessBase"]
[SourceDate "2022.10.05"]
[SourceVersion "1"]
[SourceVersionDate "2022.10.05"]
[SourceQuality "1"]
[WhiteTeam "Regen/Viechtach"]
[BlackTeam "Landau Dingolfing"]
[WhiteTeamCountry "GER"]
[BlackTeamCountry "GER"]

1. e4 Nc6 2. Bc4 Nf6 3. d3 e6 4. Ne2 d5 5. exd5 exd5 6. Bb3 Bd6 7. 0-0 Bxh2+ 8. Kxh2 Ng4+ 9. Kg1 g5 10. Re1 Be6 11. Nbc3 Qd6 12. Ng3 0-0-0 13. Nxd5 Nxf2 14. Kxf2 Bxd5 15. Ne4 Bxe4 16. Rxe4 f5 17. Re6 Qd4+ 18. Kf1 g4 19. Qe2 h5 20. Qe3 Qg7 21. Rb1 f4 22. Qe2 Nd4 23. Re7 Qf6 24. Qe5 Qb6 25. Bxf4 Rhf8 26. Rxc7+ Kb8 27. Rc6+ 1-0

[Event "Niederbayernliga 1011"]
[Site "Germany"]
[Date "2011.03.20"]
[Round "8.6"]
[White "Gehann, Paul"]
[Black "Haydn, Ludwig"]
[Result "1/2-1/2"]
[WhiteElo "1786"]
[BlackElo "1227"]
[PlyCount "44"]
[EventDate "2010.10.10"]
[EventType "team-tourn"]
[EventRounds "9"]
[EventCountry "GER"]
[SourceTitle "EXT 2012"]
[Source "ChessBase"]
[SourceDate "2011.11.24"]
[SourceVersion "1"]
[SourceVersionDate "2011.11.24"]
[SourceQuality "1"]
[WhiteTeam "Ergolding"]
[BlackTeam "Bayerwald"]
[WhiteTeamCountry "GER"]
[BlackTeamCountry "GER"]

1. e4 c6 2. d4 d5 3. exd5 cxd5 4. Bd3 Nf6 5. Bf4 g6 6. c3 Bg7 7. Bxb8 Rxb8 8. Qa4+ Bd7 9. Qxa7 0-0 10. Nf3 Bc6 11. Ne5 e6 12. Nd2 Nd7 13. Nxd7 Qxd7 14. 0-0 Qc7 15. a4 Rfc8 16. a5 Bf8 17. Qb6 Bd6 18. Qxc7 Bxc7 19. Nf3 f6 20. Rfe1 Kf7 21. b4 Bd6 22. g3 Bd7 1/2-1/2